|
|
|
|
| LEADER |
00000nab a2200000 a 4500 |
| 001 |
vtls000364507 |
| 003 |
SK-MaSNL |
| 005 |
20260303165217.0 |
| 008 |
230120c1989 xo 0 cze |
| 015 |
|
|
|a SNBRB19rr/mm-uuuuu
|
| 035 |
|
|
|a CL0364629
|
| 035 |
|
|
|a urn:nbn:sk:snk-ab2k7p
|
| 035 |
|
|
|a (urnnbn)urn:nbn:sk:snk:ar-a02jrk
|
| 035 |
|
|
|a (uuid)b3c4b904-a977-4828-aa39-54ccd985bb32
|
| 040 |
|
|
|a SNKBUCL
|b slo
|c SNKBUCL
|e AACR2
|
| 041 |
0 |
|
|a cze
|
| 044 |
|
|
|a xo
|c SK
|
| 080 |
|
|
|a 666.972:539.4
|2 1981
|
| 080 |
|
|
|a 539.4
|2 1981
|
| 080 |
|
|
|a 620.173
|2 1981
|
| 080 |
|
|
|a 624.012.4
|2 1981
|
| 100 |
1 |
|
|a Horký, Bohumil
|4 aut
|9 974924
|
| 245 |
1 |
0 |
|a Pevnost betonu pří dynamickém zatížení
|c Bohumil Horký, Richard Stárek
|
| 300 |
|
|
|b Tb. 3. Grafy 1. Res. rus., nem., angl., lit. 3 zázn. v češ., angl., nem.
|
| 650 |
0 |
7 |
|a železobetónové konštrukcie
|2 snkbucl
|9 4254
|
| 650 |
0 |
7 |
|a betón
|2 snkbucl
|9 1685
|
| 650 |
0 |
7 |
|a pevnosť
|2 snkbucl
|9 1636
|
| 655 |
|
7 |
|a články z novín a časopisov
|2 snkbucl
|9 267496
|
| 700 |
1 |
|
|a Stárek, Richard
|4 aut
|9 1191313
|
| 773 |
0 |
|
|t Inženýrské stavby
|g Roč. 37, č. 7-8 (1989), s. 387-389
|
| 850 |
|
|
|a Slovenská národná knižnica v Martine
|a MTA001
|
| 852 |
|
|
|a SNK
|b KIS3GCP
|
| 954 |
|
|
|a odborná, vedecká literatúra cudzojazyčná (svetová)
|2 lita
|
| 958 |
|
|
|a RK
|
| 958 |
|
|
|a CZ
|
| 958 |
|
|
|a OND
|
| 958 |
|
|
|a EUIPO
|
| 958 |
|
|
|a article2022
|
| 992 |
|
|
|a RBX
|
| 999 |
|
|
|c 2070413
|d 2072343
|